Indovina il mob di Minecraft #2 - Statistics

Statistiche generali
  • Questo quiz è stato fatto 102 volte
  • Il punteggio medio è 11 su 15
Statistiche sulle risposte
con Immagini Risposta % Corretto
Ragno
93%
Tartaruga
93%
Slime
91%
Lupo
90%
Strega
90%
Cavallo scheletro
86%
Coniglio
81%
Pesce tropicale
81%
Merluzzo
65%
Warden
65%
Ragno delle caverne
64%
Hoglin
61%
Husk
44%
Guardiano antico
38%
Piglin Bruto
35%
Nessun quiz corrispondente trovato
Distribuzione punteggi
Percentuale di utenti per punteggio
Percentile per numero di risposta
I tuoi punteggi nel tempo
Non hai fatto questo quiz